Statistics for every evermore song

Click here to take the quiz!

General Stats

  • This quiz has been taken 51 times
  • The average score is 15 of 17

Answer Stats

evermore songs% Correct
​evermore (Ft. Bon Iver)
100%
gold rush
100%
right where you left me
100%
champagne problems
96%
willow
96%
cowboy like me
92%
it's time to go
92%
marjorie
92%
​no body, no crime (Ft. HAIM)
92%
long story short
88%
​'tis the damn season
88%
tolerate it
88%
​coney island (Ft. The National)
84%
dorothea
80%
ivy
76%
closure
72%
happiness
64%

Score Distribution

Percentile by Number Answered

Percent of People with Each Score

Your Score History

You have not taken this quiz